Normal view
MARC view
- القرآن- المحكم والمتشابه
Entry Topical Term
001 - CONTROL NUMBER
- control field: 19113
003 - CONTROL NUMBER IDENTIFIER
- control field: JO-AjAnu
005 - DATE AND TIME OF LATEST TRANSACTION
- control field: 20230606073338.0
008 - FIXED-LENGTH DATA ELEMENTS
- fixed length control field: 230606|| aca||aabn | a|a d
040 ## - CATALOGING SOURCE
- Original cataloging agency: JO-AjAnu
- Transcribing agency: JO-AjAnu
150 ## - HEADING--TOPICAL TERM
- Topical term or geographic name entry element: القرآن- المحكم والمتشابه
670 ## - SOURCE DATA FOUND
- Source citation: Work cat.: (JO-AjAnu)9807: المطرودي،عبد الرحمن بن ابراهيم, author 19112, المحكم والمتشابه في القرآن العظيم